Online katalóg knižníc regiónu Turca

Vražda na ulici Morgue (Record no. 20447)

MARC details
000 -LEADER
fixed length control field 01945nam a22004930i 4500
001 - CONTROL NUMBER
control field 20447
003 - CONTROL NUMBER IDENTIFIER
control field VRT
005 - DATE AND TIME OF LATEST TRANSACTION
control field 20260122141746.0
008 - FIXED-LENGTH DATA ELEMENTS--GENERAL INFORMATION
fixed length control field 090725s1995 SK r 000 slo d
020 ## - INTERNATIONAL STANDARD BOOK NUMBER
International Standard Book Number 8088834546
035 ## - SYSTEM CONTROL NUMBER
System control number (SVKBBclas03)vtls000020068
039 #9 - LEVEL OF BIBLIOGRAPHIC CONTROL AND CODING DETAIL [OBSOLETE]
Level of rules in bibliographic description 202305092112
Level of effort used to assign nonsubject heading access points AUTHORITY
Level of effort used to assign subject headings 202112151723
Level of effort used to assign classification AUTHORITY
Level of effort used to assign subject headings 201802141216
Level of effort used to assign classification AUTHORITY
Level of effort used to assign subject headings 201610131012
Level of effort used to assign classification mkuuk03
040 ## - CATALOGING SOURCE
Original cataloging agency SVKBB
Language of cataloging slo
Transcribing agency SVKBB
Description conventions AACR2
041 1# - LANGUAGE CODE
Language code of text/sound track or separate title slo
Language code of original eng
072 #7 - SUBJECT CATEGORY CODE
Subject category code 821.111(73)-1
Subject category code subdivision Americká poézia
Source konspekt
080 ## - UNIVERSAL DECIMAL CLASSIFICATION NUMBER
Universal Decimal Classification number 821.111(73)-32
Edition identifier 2011
080 ## - UNIVERSAL DECIMAL CLASSIFICATION NUMBER
Universal Decimal Classification number (082.21)
Edition identifier 2011
100 1# - MAIN ENTRY--PERSONAL NAME
Personal name Poe, Edgar Allan,
Dates associated with a name 1809-1849.
245 10 - TITLE STATEMENT
Title Vražda na ulici Morgue
Remainder of title spisy a básne
Statement of responsibility, etc. Edgar Allan Poe ; [prel. Jana Kantorová-Báliková, Michal Breznický, Ján Vilikovský]
260 ## - PUBLICATION, DISTRIBUTION, ETC.
Place of publication, distribution, etc. Rohovce
Name of publisher, distributor, etc. Interpopulart Slovakia
Date of publication, distribution, etc. [1995]
300 ## - PHYSICAL DESCRIPTION
Extent 115 s.
Dimensions 19 cm
490 1# - SERIES STATEMENT
Series statement Populart. Anglosaská romantická literatúra
490 1# - SERIES STATEMENT
Series statement Študentská knižnica
Volume/sequential designation 55
500 ## - GENERAL NOTE
General note Študentská knižnica 55. Séria: Anglosaská romantická literatúra
504 ## - BIBLIOGRAPHY, ETC. NOTE
Bibliography, etc. note Bibliogr.
600 17 - SUBJECT ADDED ENTRY--PERSONAL NAME
Personal name Poe, Edgar Allan,
Dates associated with a name 1809-1849
Source of heading or term hŠVKBB
655 #7 - INDEX TERM--GENRE/FORM
Genre/form data or focus term americké poviedky
Source of term SNKPH
655 #7 - INDEX TERM--GENRE/FORM
Genre/form data or focus term americká poézia
Source of term SNKPH
655 #7 - INDEX TERM--GENRE/FORM
Genre/form data or focus term výbery
Source of term SNKPH
655 #7 - INDEX TERM--GENRE/FORM
Genre/form data or focus term American short stories
Source of term SNKPHeng
655 #7 - INDEX TERM--GENRE/FORM
Genre/form data or focus term American poetry
Source of term SNKPHeng
655 #7 - INDEX TERM--GENRE/FORM
Genre/form data or focus term Selections
Source of term SNKPHeng
700 1# - ADDED ENTRY--PERSONAL NAME
Personal name Breznický, Michal,
Dates associated with a name 1923-
Relationship trl
700 1# - ADDED ENTRY--PERSONAL NAME
Personal name Kantorová-Báliková, Jana,
Dates associated with a name 1951-
Relationship trl
700 1# - ADDED ENTRY--PERSONAL NAME
Personal name Vilikovský, Ján,
Dates associated with a name 1937-2023
Relationship trl
830 ## - SERIES ADDED ENTRY--UNIFORM TITLE
Uniform title Populart. Anglosaská romantická literatúra
830 ## - SERIES ADDED ENTRY--UNIFORM TITLE
Uniform title Študentská knižnica
910 ## - USER-OPTION DATA (OCLC)
User-option data svkbb
942 ## - ADDED ENTRY ELEMENTS (KOHA)
Source of classification or shelving scheme Dewey Decimal Classification
Koha item type Krásna literatúra pre dospelých
Suppress in OPAC No
949 ## - LOCAL PROCESSING INFORMATION (OCLC)
6 270001000026899
a svkbbA 94672
b svkbbm 612576
949 ## - LOCAL PROCESSING INFORMATION (OCLC)
6 270001000040843
a svkbbA 94672
b svkbbm 612575
o oprava väzby
949 ## - LOCAL PROCESSING INFORMATION (OCLC)
6 270001000066125
a svkbbA 94672
b svkbbm 613240
949 ## - LOCAL PROCESSING INFORMATION (OCLC)
6 3830001112444
a kurukT1/POE1-13
b kuruk2016/F5567
o D2016/študentka SJ/október 2014
Holdings
Stav vyradenia Strata Poškodenie Spôsob nadobudnutia Domovská knižnica Aktuálna knižnica Dátum nadobudnutia Total checkouts Čiarový kód exemplára Date last seen Typ exemplára
      Dar Obecná knižnica Horná Štubňa Obecná knižnica Horná Štubňa 22.01.2026   8088834546 22.01.2026 Krásna literatúra pre dospelých
Projekt je podporený Slovenskou asociáciou knižníc
Prevádzkuje Turčianska knižnica Martin 2026